Statistics for Countries in TLC's 90 Day Fiance

Click here to take the quiz!

General Stats

  • This quiz has been taken 183 times
  • The average score is 26 of 39

Answer Stats

Couple NameCountry of Fiance% Correct
S1: Mike & AzizaRussia
93%
S7: Emily & SashaRussia
93%
S6: Steven & OlgaRussia
93%
S4: Jorge & AnfisaRussia
93%
S3: Josh & AleksandraRussia
93%
S7: Michael & JulianaBrazil
84%
S2: Jason & CassiaBrazil
84%
S6: Colt & LarissaBrazil
84%
S1: Alan & KirlyamBrazil
84%
S1: Russ & PaolaColombia
79%
S3: Fernando & CarolinaColombia
79%
S2: Justin & EvelinColombia
79%
S7: Mike & NatalieUkraine
75%
S4: Matt & AllaUkraine
75%
S7: Robert & AnnyDominican Republic
74%
S4: Chantel & PedroDominican Republic
74%
S5: Molly & LuisDominican Republic
74%
S3: Loren & AlexeiIsrael
66%
S5: Josh & AikaPhilippines
66%
S2: Brett & DayaPhilippines
66%
S1: Louis & AyaPhilippines
66%
S3: Mark & NikkiPhilippines
66%
S5: David & AnnieThailand
64%
S3: Kyle & NoonThailand
64%
S2: Danny & AmySouth Africa
63%
S7: Tania & SynginSouth Africa
63%
S2: Danielle & MohammedTunisia
59%
S5: Elizabeth & AndreiMoldova
57%
S4: Nicole & AzanMorocco
57%
S6: Jonathan & FernandaMexico
56%
S4: Narkyia & OlulowoNigeria
49%
S3: Melanie & DevarJamaica
45%
S6: Ashley & JayJamaica
45%
S6: Kalani & AsueluSamoa
45%
S7: Anna & MurselTurkey
43%
S5: Evelyn & DavidSpain
39%
S7: Blake & JasminFinland
31%
S2: Chelsea & YamirNicaragua
29%
S6: Eric & LeidaIndonesia
27%

Score Distribution

Percentile by Number Answered

Percent of People with Each Score

Your Score History

You have not taken this quiz